000 00554nam a22001817a 4500
005 20251001141658.0
010 _aENG-146914
020 _a9789381324189
_c2000.00
035 _aEN-130446
037 _bDBAD
_aDPL
082 _a954.41
245 _aIndo-Hellenic Cultural Transactions/
_cEdited By Radhika Seshan
250 _a1
260 _aMumbai
_bK R Cama Oriental Institute
_c2020
270 _a136, Bombay Samachar Marg
_bMumbai
_e400023
_mkrcamaoi123@gmail.com
300 _a232p.
_b29cm(pb)
942 _2ddc
_cEN
_h954.41
_mIND
999 _c213553
_d213553